| 000 | 00630nam a2200217 a 4500 | ||
|---|---|---|---|
| 001 | 3110 | ||
| 003 | CDMR | ||
| 005 | 20130524115418.0 | ||
| 008 | 130130s1999||||sp |||||||||||||||||spa|d | ||
| 020 | _a8432309931 | ||
| 040 |
_aCDMR _bcat _cCPC GIRONA |
||
| 100 | 1 |
_aRandall, David _92268 |
|
| 245 | 1 | 0 |
_aEl periodista universal _cpor David Randall ; prólogo de Joaquín Estefanía |
| 260 |
_bSiglo XXI _aMadrid _c1999 |
||
| 300 | _a266 p. | ||
| 490 | 0 | _aManuales. Periodismo | |
| 650 | 0 | 4 |
_92030 _aPeriodisme _xOrientació professional |
| 650 | 0 | 4 |
_93352 _aReportatges |
| 700 |
_93513 _aEstefanía, Joaquín _epr. |
||
| 942 |
_cMON _2udc |
||
| 999 |
_c3110 _d3110 |
||